| 000 | 01043nam a22002655a 4500 | ||
|---|---|---|---|
| 001 | 3642 | ||
| 003 | BD-RjUL | ||
| 005 | 20211208233749.0 | ||
| 008 | 160727s1991 bg 000 0 eng | ||
| 035 | _a(BD-RjUL)3676 | ||
| 040 |
_aDLC _cDLC _beng _dBD-RjUL |
||
| 041 | _aeng | ||
| 082 |
_223 _a341.448095492 _bRAD 1991 |
||
| 100 | 1 |
_aRahman, M. Habibur. _911548 |
|
| 245 | 1 | 0 |
_aDelimitation of maritime boundaries / _cM. Habibur Rahman. |
| 250 | _a1st ed. | ||
| 260 |
_aRajshahi, : _bN. M. Rahman Talukder, _c1991. |
||
| 300 |
_a310 p. ; _c23 cm. |
||
| 500 | _a"Originally presented as the author's thesis (doctoral--University of Wales, Institute of Science and Technology, 1982) under the title: Delimitation of maritime boundaries with special reference to the Bangladesh-India situation." | ||
| 504 | _aIncludes bibliographical references | ||
| 650 | 1 |
_aTerritorial waters _zBangladesh. _911549 |
|
| 650 | 1 |
_aEconomic zones (Law of the sea) _zBangladesh. _9219217 |
|
| 650 | 1 |
_aTerritorial waters _zIndia. _9219218 |
|
| 942 |
_2ddc _cBK |
||
| 999 |
_c3642 _d3642 |
||